[Event "10. Lichtenberger Sommer"]
[Site "Berlin"]
[Date "2011.08.21"]
[Round "9.9"]
[White "Noetzel, Felix"]
[Black "Oberhofer, Andre"]
[Result "0-1"]
[WhiteElo "2090"]
[BlackElo "2308"]
[PlyCount "84"]
[EventDate "2011.??.??"]
[WhiteTeam "SC Borussia Friedrichsfelde 1920"]
[BlackTeam "Saarbrücker Gambit 89 e.V."]

1. e4 e5 2. Nf3 Nc6 3. d4 exd4 4. c3 dxc3 5. Bc4 d6 6. Nxc3 Be6 7. Bxe6 fxe6 8.
Qb3 Qd7 9. Qxb7 Rb8 10. Qa6 Be7 11. O-O Bf6 12. Qe2 Nge7 13. Rd1 Bxc3 14. bxc3
O-O 15. Ba3 e5 16. Qc4+ Kh8 17. Rab1 Rb6 18. Rb5 Qg4 19. h3 Qg6 20. Rxb6 axb6
21. Kh1 Qh5 22. Rd3 Qe8 23. Bc1 h6 24. g3 Qd7 25. Kg2 Na5 26. Qb4 Qc6 27. Be3
Nc4 28. Nd2 b5 29. f3 Ra8 30. Nxc4 Qxc4 31. Qxc4 bxc4 32. Rd2 Ra3 33. Rc2 Kg8
34. Bc1 Ra8 35. Rb2 Kf7 36. f4 Nc6 37. f5 d5 38. Kf3 d4 39. Rb7 Rc8 40. g4 dxc3
41. h4 Ke8 42. Rb5 Nd4+ 0-1

[Event "10. Lichtenberger Sommer"]
[Site "Berlin"]
[Date "2011.08.21"]
[Round "9.10"]
[White "Meissner, Felix"]
[Black "Schreyer, Oliver"]
[Result "1-0"]
[WhiteElo "2268"]
[BlackElo "2130"]
[PlyCount "51"]
[EventDate "2011.??.??"]
[WhiteTeam "Hamburger SK von 1830 eV"]
[BlackTeam "Schachverein 1949 Herzogenrath"]

1. e4 d5 2. exd5 Qxd5 3. Nf3 Bg4 4. Be2 Nc6 5. Nc3 Qa5 6. O-O O-O-O 7. d3 Nf6
8. Ng5 Be6 9. Nxe6 fxe6 10. Bf3 Nd4 11. Bd2 g5 12. Be4 g4 13. Ne2 Qh5 14. Nxd4
Nxe4 15. Be3 Nc5 16. b4 Bg7 17. c3 e5 18. Nb5 Rxd3 19. Qe2 e4 20. bxc5 Be5 21.
g3 a6 22. Nd4 Rf8 23. Rad1 Rxc3 24. Ne6 Rg8 25. Rd5 c6 26. Rxe5 1-0

[Event "10. Lichtenberger Sommer"]
[Site "Berlin"]
[Date "2011.08.21"]
[Round "9.12"]
[White "Kohler, Thomas"]
[Black "Elsing, Jan"]
[Result "1/2-1/2"]
[WhiteElo "2255"]
[BlackElo "2124"]
[PlyCount "34"]
[EventDate "2011.??.??"]
[WhiteTeam "SC Zitadelle Spandau 1977 e.V."]
[BlackTeam "SC Friesen Lichtenberg e.V."]

1. c4 c5 2. g3 Nc6 3. Bg2 g6 4. Nf3 Bg7 5. Nc3 d6 6. O-O Rb8 7. a3 a6 8. Ne1
Bd7 9. Nc2 b5 10. cxb5 axb5 11. b4 Nd4 12. Bb2 Ne6 13. Qb1 Nf6 14. Nd5 Nxd5 15.
Bxd5 O-O 16. Bxg7 Nxg7 17. d3 Qb6 1/2-1/2

[Event "10. Lichtenberger Sommer"]
[Site "Berlin"]
[Date "2011.08.21"]
[Round "9.13"]
[White "Kollberg, Lothar"]
[Black "Weber, Dirk"]
[Result "0-1"]
[WhiteElo "2237"]
[BlackElo "2271"]
[PlyCount "102"]
[EventDate "2011.??.??"]
[WhiteTeam "SC Rotation Pankow e.V."]
[BlackTeam "SV Königsspringer Braunschweig"]

1. d4 Nf6 2. c4 c5 3. d5 b5 4. cxb5 a6 5. b6 Qxb6 6. Nc3 d6 7. Nf3 a5 8. e4 Ba6
9. Be2 g6 10. O-O Bg7 11. e5 dxe5 12. Nxe5 O-O 13. Bxa6 Qxa6 14. Re1 a4 15. Qf3
Ra7 16. Bf4 Nh5 17. Bd2 Qb7 18. Rab1 Ra6 19. g4 Nf6 20. Bf4 Nfd7 21. h3 e6 22.
Kg2 Nf6 23. dxe6 Qxf3+ 24. Nxf3 fxe6 25. Ng5 Nd5 26. Bxb8 Rxb8 27. Nxe6 Nxc3
28. bxc3 Rxb1 29. Rxb1 Rxe6 30. Rb8+ Kf7 31. Ra8 Bxc3 32. Rxa4 Bd4 33. Ra8 Re2
34. Ra7+ Kf6 35. a4 Rxf2+ 36. Kg3 Ra2 37. h4 h6 38. Ra6+ Kg7 39. Ra7+ Kg8 40.
Ra8+ Kh7 41. Ra7+ Bg7 42. Rc7 Ra3+ 43. Kg2 Rxa4 44. Kh3 c4 45. h5 g5 46. Rb7
Ra1 47. Rc7 c3 48. Kg3 Rc1 49. Kg2 c2 50. Kh2 Rb1 51. Rxc2 Rb2 0-1

[Event "10. Lichtenberger Sommer"]
[Site "Berlin"]
[Date "2011.08.21"]
[Round "9.14"]
[White "Guenther, Thomas"]
[Black "Skibbe, Willi"]
[Result "0-1"]
[WhiteElo "2132"]
[BlackElo "2213"]
[PlyCount "68"]
[EventDate "2011.??.??"]
[WhiteTeam "SV Senat (FV Schach)"]
[BlackTeam "SSC Rostock 07"]

1. d4 d5 2. Nf3 Nc6 3. Bf4 Bg4 4. Nbd2 Nf6 5. h3 Bh5 6. e3 e6 7. g4 Bg6 8. Bb5
Nd7 9. a3 Bd6 10. Qe2 O-O 11. Bxc6 bxc6 12. Ne5 Nxe5 13. dxe5 Be7 14. Nf3 c5
15. O-O c4 16. b3 cxb3 17. cxb3 c5 18. Nd2 Rb8 19. Rfc1 a5 20. a4 Rb4 21. Rc3
f5 22. Bg3 fxg4 23. hxg4 Qb6 24. Kh2 Be8 25. f3 h5 26. gxh5 Bxh5 27. Bf4 Rbxf4
28. exf4 Qb4 29. Rcc1 Qxf4+ 30. Kg2 Bg5 31. Ra2 Bh4 32. Rxc5 Qg3+ 33. Kh1 Rxf3
34. Qh2 Qe1+ 0-1

[Event "10. Lichtenberger Sommer"]
[Site "Berlin"]
[Date "2011.08.21"]
[Round "9.16"]
[White "Kornrumpf, Joachim"]
[Black "Rohde, Wolfgang"]
[Result "1-0"]
[WhiteElo "2099"]
[BlackElo "2176"]
[PlyCount "87"]
[EventDate "2011.??.??"]
[WhiteTeam "Preetzer TSV"]
[BlackTeam "SC Friesen Lichtenberg e.V."]

1. b3 d5 2. e3 Nf6 3. Bb2 Bg4 4. Nf3 e6 5. Be2 Nbd7 6. Ne5 Bxe2 7. Qxe2 Nxe5 8.
Bxe5 c6 9. O-O Bd6 10. Bb2 Qe7 11. d3 Qc7 12. f4 O-O-O 13. Nd2 e5 14. fxe5 Bxe5
15. Bxe5 Qxe5 16. Nf3 Qh5 17. Rae1 Ng4 18. h3 Nh6 19. Nd4 Qxe2 20. Rxe2 g6 21.
Rf6 Rhe8 22. g4 Re7 23. Kg2 c5 24. Nb5 Ng8 25. Rf3 a6 26. Nc3 b5 27. Ref2 f6
28. e4 dxe4 29. Nxe4 c4 30. bxc4 bxc4 31. Nxf6 Nxf6 32. Rxf6 cxd3 33. cxd3 Rxd3
34. Rxa6 Ree3 35. Ra7 Rg3+ 36. Kf1 Rdf3 37. Rxf3 Rxf3+ 38. Kg2 Rc3 39. Rxh7
Rc2+ 40. Kf3 g5 41. Ke4 Rxa2 42. Kf5 Ra5+ 43. Kg6 Kd8 44. Rh5 1-0

[Event "10. Lichtenberger Sommer"]
[Site "Berlin"]
[Date "2011.08.21"]
[Round "9.18"]
[White "Arnold, Rouven"]
[Black "Heuser, Philip"]
[Result "1/2-1/2"]
[WhiteElo "1799"]
[BlackElo "2146"]
[PlyCount "67"]
[EventDate "2011.??.??"]
[WhiteTeam "Schachverein Grünfeld e.V."]
[BlackTeam "SG Heidelberg-Kirchheim"]

1. e4 c6 2. d4 d5 3. e5 c5 4. Bb5+ Nc6 5. dxc5 e6 6. Nf3 Bd7 7. Bxc6 Bxc6 8.
O-O Bxc5 9. c3 a5 10. Nd4 Qb6 11. Qg4 Kf8 12. Nb3 h5 13. Qh3 Be7 14. N1d2 Nh6
15. Qxh5 g6 16. Qd1 Nf5 17. Nf3 Kg7 18. Nbd4 Nh4 19. Ng5 Rh5 20. f4 Nf5 21.
Ngf3 Rah8 22. Qb3 Bc5 23. Qxb6 Bxb6 24. Kf2 Bb5 25. Rd1 Nxd4 26. cxd4 Rc8 27.
Be3 Rhh8 28. Rac1 a4 29. Rxc8 Rxc8 30. Rc1 Rxc1 31. Bxc1 Bc4 32. a3 Ba5 33. Bd2
Bb6 34. Bb4 1/2-1/2

[Event "10. Lichtenberger Sommer"]
[Site "Berlin"]
[Date "2011.08.21"]
[Round "9.19"]
[White "Kupfer, Michael"]
[Black "Reichenbach, Werner"]
[Result "0-1"]
[WhiteElo "2049"]
[BlackElo "2313"]
[PlyCount "74"]
[EventDate "2011.??.??"]
[WhiteTeam "SC Friesen Lichtenberg e.V."]
[BlackTeam "Schachclub Oberkrämer"]

1. d4 Nf6 2. Bf4 g6 3. e3 Bg7 4. Nf3 d6 5. h3 O-O 6. Be2 b6 7. O-O Bb7 8. Nbd2
Nbd7 9. Bh2 e6 10. Ne1 e5 11. Bf3 e4 12. Be2 Qe7 13. c4 c5 14. Nb3 Ne8 15. Nc2
f5 16. f4 exf3 17. Bxf3 Ndf6 18. Nd2 Rd8 19. Bxb7 Qxb7 20. Qf3 Qe7 21. b4 Bh6
22. Rfe1 Qd7 23. a4 Ng7 24. a5 Ne6 25. axb6 axb6 26. Ra6 cxd4 27. Nb3 d3 28.
Ncd4 Qc8 29. Rxb6 Nxd4 30. Nxd4 Qxc4 31. Rc6 Qxb4 32. Rd1 Rfe8 33. Bf4 Bg7 34.
Rxd3 Ne4 35. Rc1 Rc8 36. Nc6 Qb7 37. Rxd6 Bf8 0-1

[Event "10. Lichtenberger Sommer"]
[Site "Berlin"]
[Date "2011.08.21"]
[Round "9.21"]
[White "Foerster, Jonas"]
[Black "Richter, Goetz"]
[Result "1-0"]
[WhiteElo "2230"]
[BlackElo "2045"]
[PlyCount "67"]
[EventDate "2011.??.??"]
[WhiteTeam "SSC Rostock 07"]
[BlackTeam "Klub Kölner Schachfreunde e.V. 1"]

1. d4 Nf6 2. c4 e6 3. Nf3 b6 4. g3 Bb7 5. Bg2 Bb4+ 6. Nbd2 O-O 7. O-O d5 8. Ne5
Be7 9. Nb3 Nbd7 10. Bf4 Bd6 11. Rc1 Nh5 12. Nxd7 Qxd7 13. Bd2 Nf6 14. c5 Be7
15. Bf4 Rfc8 16. Re1 Qa4 17. Qc2 Ba6 18. a3 h6 19. Bf1 g5 20. Be3 Qe8 21. f3
Nh5 22. Bf2 f5 23. Bg2 Qf7 24. e4 f4 25. exd5 exd5 26. Bh3 Ng7 27. Bxc8 Rxc8
28. g4 Bf6 29. Rcd1 Rb8 30. cxb6 cxb6 31. Nc1 Rc8 32. Qa4 Qb7 33. Nd3 Rc4 34.
Nb4 1-0

[Event "10. Lichtenberger Sommer"]
[Site "Berlin"]
[Date "2011.08.21"]
[Round "9.22"]
[White "Kapp, Martin"]
[Black "Perestjuk, Marko"]
[Result "1-0"]
[WhiteElo "2209"]
[BlackElo "1964"]
[PlyCount "65"]
[EventDate "2011.??.??"]
[WhiteTeam "TSV IFA Chemnitz"]
[BlackTeam "SC Zitadelle Spandau 1977 e.V."]

1. Nf3 c5 2. g3 Nf6 3. Bg2 d5 4. O-O Nc6 5. d4 cxd4 6. Nxd4 e5 7. Nxc6 bxc6 8.
c4 Be6 9. Bg5 Qd7 10. Nc3 d4 11. Qa4 Rc8 12. Bxf6 gxf6 13. Rfd1 Be7 14. e3 c5
15. Nb5 a6 16. Qxa6 Bxc4 17. Nc7+ Rxc7 18. Qxc4 O-O 19. a4 Rb8 20. a5 Rxb2 21.
Qc1 Qb5 22. Bf1 Qb3 23. exd4 exd4 24. Qf4 Qb8 25. a6 Qa7 26. Rdb1 Rxb1 27. Rxb1
c4 28. Bxc4 Rxc4 29. Rb8+ Kg7 30. Qg4+ Kh6 31. Rg8 Rc1+ 32. Kg2 Qc5 33. Qg7+
1-0

[Event "10. Lichtenberger Sommer"]
[Site "Berlin"]
[Date "2011.08.21"]
[Round "9.23"]
[White "Witte, Ronald"]
[Black "Niehaus, Frank"]
[Result "1/2-1/2"]
[WhiteElo "2063"]
[BlackElo "2190"]
[PlyCount "88"]
[EventDate "2011.??.??"]
[WhiteTeam "BSV 63 Chemie Weißensee"]
[BlackTeam "SK König Tegel 1949 e.V."]

1. d4 Nf6 2. c4 g6 3. Nc3 Bg7 4. e4 d6 5. h3 O-O 6. Bg5 e5 7. d5 a5 8. Nf3 Qe8
9. Be2 Na6 10. Nd2 Nd7 11. g4 Ndc5 12. h4 Bd7 13. h5 f5 14. gxf5 gxf5 15. h6
Bf6 16. Bh5 Qe7 17. Bxf6 Qxf6 18. Qe2 Nb4 19. O-O-O Nbd3+ 20. Kb1 Kh8 21. Bf3
Rg8 22. exf5 Nf4 23. Qe3 Bxf5+ 24. Nde4 b6 25. Ka1 Nxe4 26. Bxe4 Rg6 27. Nb5
Bxe4 28. Qxe4 Qe7 29. Rdg1 Rf8 30. Rxg6 Nxg6 31. f3 Rf4 32. Qe2 Qf7 33. a3 Nh4
34. Rg1 Nf5 35. Qg2 Nxh6 36. Qg5 Qf6 37. Qh5 Rxf3 38. Ka2 Rf5 39. Qe8+ Qf8 40.
Qc6 Rf1 41. Rg2 Nf5 42. Nxc7 Nd4 43. Qxb6 a4 44. Qa6 Nb3 1/2-1/2

[Event "10. Lichtenberger Sommer"]
[Site "Berlin"]
[Date "2011.08.21"]
[Round "9.25"]
[White "Stadtmueller, Harald"]
[Black "Stark, Ingo"]
[Result "0-1"]
[WhiteElo "2132"]
[BlackElo "2166"]
[PlyCount "66"]
[EventDate "2011.??.??"]
[WhiteTeam "VSG 1880 Offenbach"]
[BlackTeam "TSG Oberschöneweide e.V."]

1. d4 Nf6 2. Nf3 e6 3. Bf4 b5 4. e3 a6 5. Nbd2 Bb7 6. Bd3 c5 7. c3 Nc6 8. O-O
d6 9. Qe2 c4 10. Bc2 Qc7 11. h3 Be7 12. e4 e5 13. Be3 O-O 14. d5 Nb8 15. Nh2
Nbd7 16. f4 exf4 17. Bxf4 Rae8 18. Kh1 Bd8 19. Qf3 Ne5 20. Bxe5 Rxe5 21. Ng4
Nxg4 22. Qxg4 Bc8 23. Qg3 Rg5 24. Qf4 Rh5 25. Nf3 Bf6 26. Nd4 Be5 27. Qe3 Qd8
28. Bd1 Rh6 29. Nc6 Qe8 30. a4 Bd7 31. axb5 axb5 32. Nxe5 Qxe5 33. Qf4 Rf6 0-1

[Event "10. Lichtenberger Sommer"]
[Site "Berlin"]
[Date "2011.08.21"]
[Round "9.26"]
[White "Franzke, Alexander"]
[Black "Albrecht, Rainer"]
[Result "0-1"]
[WhiteElo "1981"]
[BlackElo "2125"]
[PlyCount "46"]
[EventDate "2011.??.??"]
[WhiteTeam "Forster Schachclub 95"]
[BlackTeam "SC Kreuzberg e.V."]

1. d4 e6 2. c4 f5 3. g3 Nf6 4. Bg2 c6 5. Nh3 d6 6. Nc3 Be7 7. Bf4 O-O 8. O-O h6
9. e4 fxe4 10. Nxe4 Nxe4 11. Bxe4 e5 12. Qh5 exf4 13. Qg6 Rf6 14. Qh7+ Kf7 15.
Nxf4 Qg8 16. Bg6+ Kf8 17. Qxg8+ Kxg8 18. Rfe1 Bf8 19. Re8 Na6 20. Rae1 Nc7 21.
R8e7 Bxe7 22. Rxe7 Ne6 23. Re8+ Rf8 0-1

[Event "10. Lichtenberger Sommer"]
[Site "Berlin"]
[Date "2011.08.21"]
[Round "9.27"]
[White "Gress, Alexander"]
[Black "Klyszcz, Michael"]
[Result "1-0"]
[WhiteElo "2061"]
[BlackElo "2064"]
[PlyCount "115"]
[EventDate "2011.??.??"]
[WhiteTeam "SC Caissa Schwarzenbach"]
[BlackTeam "SG 1871 Löberitz"]

1. e4 e5 2. Nf3 Nc6 3. Bc4 Bc5 4. c3 Nf6 5. d4 exd4 6. cxd4 Bb4+ 7. Bd2 Bxd2+
8. Nbxd2 d5 9. exd5 Nxd5 10. Qb3 Na5 11. Qa4+ Nc6 12. Ne5 O-O 13. O-O-O Nxe5
14. dxe5 Nb6 15. Qb3 Qd4 16. e6 Bxe6 17. Bxe6 fxe6 18. Qxe6+ Rf7 19. Ne4 Qc4+
20. Qxc4 Nxc4 21. Rd4 Ne5 22. Re1 Re8 23. f3 Rfe7 24. Kc2 Kf8 25. Red1 Nc6 26.
R4d2 h6 27. a3 Ne5 28. Rd5 Kf7 29. b3 g5 30. h3 Kg6 31. R1d2 Kf5 32. Ra5 a6 33.
Ra4 Nd7 34. Rc4 Nf6 35. Nc5 c6 36. Rb4 b5 37. Nxa6 Ra8 38. Nc5 Nd5 39. Re4 Rxa3
40. Rxd5+ cxd5 41. Rxe7 Ra2+ 42. Kc3 Rxg2 43. Re6 h5 44. Rh6 h4 45. Kd4 Rg3 46.
Nd7 g4 47. hxg4+ Kf4 48. Rf6+ Kg5 49. Rf5+ Kg6 50. Ne5+ Kg7 51. Rh5 h3 52. Kxd5
Kf6 53. Ke4 b4 54. Nd3 Rg1 55. Rxh3 Rb1 56. Nxb4 Rxb3 57. Nd5+ Kg5 58. f4+ 1-0

[Event "10. Lichtenberger Sommer"]
[Site "Berlin"]
[Date "2011.08.21"]
[Round "9.28"]
[White "Penner, Markus"]
[Black "Hahlbohm, Matthias"]
[Result "0-1"]
[WhiteElo "1949"]
[BlackElo "2075"]
[PlyCount "92"]
[EventDate "2011.??.??"]
[WhiteTeam "SK Zehlendorf e.V."]
[BlackTeam "TSG Oberschöneweide e.V."]

1. e4 c5 2. Nf3 d6 3. d4 cxd4 4. Nxd4 Nf6 5. Nc3 a6 6. Be3 Qc7 7. f3 e6 8. Qd2
Be7 9. g4 b5 10. g5 Nfd7 11. O-O-O Bb7 12. h4 Ne5 13. h5 Nbd7 14. f4 Nc4 15.
Bxc4 Qxc4 16. Qd3 Nc5 17. Qxc4 bxc4 18. g6 Nxe4 19. Nxe4 Bxe4 20. gxf7+ Kxf7
21. Rhf1 g6 22. hxg6+ hxg6 23. Ne2 Rh2 24. Rf2 Rah8 25. Ng3 Bf5 26. Nxf5 gxf5
27. Rdf1 Bf6 28. c3 R8h3 29. Bd2 Bh4 30. Rxh2 Rxh2 31. b4 cxb3 32. axb3 Rf2 33.
Rxf2 Bxf2 34. Kd1 e5 35. c4 Bg3 36. fxe5 dxe5 37. b4 Ke6 38. Ke2 e4 39. b5 axb5
40. cxb5 Bc7 41. Be3 Bb8 42. b6 Kd5 43. Kd2 Be5 44. Ke2 Kc6 45. Kd2 Bf6 46. Ke2
Bd8 0-1

[Event "10. Lichtenberger Sommer"]
[Site "Berlin"]
[Date "2011.08.21"]
[Round "9.29"]
[White "Schwarz, Oliver"]
[Black "Burger, Heinrich"]
[Result "1/2-1/2"]
[WhiteElo "1960"]
[BlackElo "2166"]
[PlyCount "29"]
[EventDate "2011.??.??"]
[WhiteTeam "SV Königsjäger Süd-West e.V."]
[BlackTeam "VfB Hermsdorf e.V."]

1. e4 c5 2. c3 d5 3. exd5 Qxd5 4. d4 g6 5. Nf3 Bg7 6. Na3 Nh6 7. Bc4 Qe4+ 8.
Be3 cxd4 9. Nb5 Na6 10. Nbxd4 O-O 11. Qe2 e5 12. Bxh6 Qxe2+ 13. Nxe2 Bxh6 14.
Nxe5 Nc5 15. O-O 1/2-1/2

[Event "10. Lichtenberger Sommer"]
[Site "Berlin"]
[Date "2011.08.21"]
[Round "9.30"]
[White "Mai, Andreas"]
[Black "Krefenstein, Sergej"]
[Result "1-0"]
[WhiteElo "1943"]
[BlackElo "2031"]
[PlyCount "73"]
[EventDate "2011.??.??"]
[WhiteTeam "SC Friesen Lichtenberg e.V."]
[BlackTeam "TuS Makkabi Berlin e.V."]

1. e4 e6 2. d4 d5 3. e5 c5 4. c3 Qb6 5. b3 Nc6 6. Be3 cxd4 7. Bxd4 Nxd4 8. Qxd4
Bc5 9. Qd2 a5 10. Nf3 Ne7 11. Bd3 Bd7 12. O-O Ng6 13. Qg5 Be7 14. Qg3 f5 15.
exf6 Bxf6 16. Bxg6+ hxg6 17. Qxg6+ Ke7 18. Re1 Qd6 19. Qd3 Rac8 20. g3 Kf7 21.
Qe3 Rce8 22. Nbd2 e5 23. Red1 Qc7 24. c4 d4 25. Qd3 Rh5 26. Ne4 b6 27. a3 Bg4
28. Rac1 Reh8 29. h4 Qe7 30. c5 bxc5 31. Rxc5 Bxh4 32. gxh4 Rxh4 33. Neg5+ Kf8
34. Nxh4 Qxg5 35. Ng2 Qh5 36. f3 Bxf3 37. Rc8+ 1-0

[Event "10. Lichtenberger Sommer"]
[Site "Berlin"]
[Date "2011.08.21"]
[Round "9.31"]
[White "Hoffmann, Peter"]
[Black "Sabrowski, Uwe"]
[Result "0-1"]
[WhiteElo "2030"]
[BlackElo "2099"]
[PlyCount "64"]
[EventDate "2011.??.??"]
[WhiteTeam "BSG 1827 Eckbauer e.V."]
[BlackTeam "SC Friesen Lichtenberg e.V."]

1. d4 f5 2. c4 Nf6 3. Nc3 d6 4. f3 e5 5. dxe5 dxe5 6. Qxd8+ Kxd8 7. Bg5 Be7 8.
O-O-O+ Bd7 9. e4 fxe4 10. Bxf6 gxf6 11. fxe4 c6 12. Nf3 Kc7 13. h3 Be6 14. Be2
Nd7 15. Rhf1 a6 16. a4 Bb4 17. Na2 Bc5 18. b4 Be7 19. a5 b6 20. Nh4 bxa5 21.
bxa5 Rhb8 22. Kc2 Nc5 23. Nc3 Nb3 24. Nf3 Nxa5 25. Nd2 Rb4 26. c5 Nb7 27. Bg4
Bg8 28. Rf3 Nxc5 29. Ra1 Rab8 30. Rg3 Rb2+ 31. Kc1 Rxd2 32. Kxd2 Nb3+ 0-1

[Event "10. Lichtenberger Sommer"]
[Site "Berlin"]
[Date "2011.08.21"]
[Round "9.32"]
[White "Fischer, Daniel"]
[Black "Bruening, Wolfgang"]
[Result "1-0"]
[WhiteElo "2109"]
[BlackElo "1958"]
[PlyCount "57"]
[EventDate "2011.??.??"]
[WhiteTeam "SK Oberkirch"]
[BlackTeam "Queer-Springer SSV Berlin"]

1. c4 Nf6 2. g3 g6 3. Bg2 d5 4. cxd5 Nxd5 5. Nc3 c6 6. Nf3 Bg7 7. O-O e5 8. d4
exd4 9. Nxd4 Nxc3 10. bxc3 O-O 11. Rb1 Qe7 12. Qb3 Re8 13. Ba3 Qe5 14. e3 Nd7
15. Rfe1 Nc5 16. Qc4 Ne4 17. f4 Qa5 18. Bb4 Qa4 19. Qd3 f5 20. Qc4+ Kh8 21. Qf7
Nf6 22. Be7 Rxe7 23. Qxe7 Bd7 24. Ne6 Bxe6 25. Qxe6 Re8 26. Qb3 Qxb3 27. Rxb3
Re7 28. h3 c5 29. Rxb7 1-0

[Event "10. Lichtenberger Sommer"]
[Site "Berlin"]
[Date "2011.08.21"]
[Round "9.33"]
[White "Koenig, Frank"]
[Black "Amelang, Thomas"]
[Result "1/2-1/2"]
[WhiteElo "1975"]
[BlackElo "2152"]
[PlyCount "82"]
[EventDate "2011.??.??"]
[WhiteTeam "BSG 1827 Eckbauer e.V."]
[BlackTeam "SK Siemens München"]

1. Nf3 Nf6 2. g3 g6 3. Bg2 Bg7 4. O-O O-O 5. c4 d5 6. cxd5 Nxd5 7. Nc3 c6 8. d4
Nd7 9. e4 Nxc3 10. bxc3 Nb6 11. Rb1 Be6 12. a4 Bc4 13. Re1 Ba6 14. Bf4 Nc4 15.
e5 Qa5 16. Qb3 e6 17. Ng5 Nb6 18. Ra1 Bc4 19. Qc2 Nd5 20. Bd2 Qc7 21. Ne4 Ne7
22. Nd6 Bd5 23. Bf1 c5 24. c4 cxd4 25. Nb5 Qc8 26. Bb4 Nf5 27. g4 Nh4 28. Nxd4
Nf3+ 29. Nxf3 Bxf3 30. Bg2 Qc6 31. Bxf3 Qxf3 32. Ra3 Qxg4+ 33. Rg3 Qd4 34. Bxf8
Rxf8 35. Qe4 Qxe4 36. Rxe4 Rd8 37. Rb3 Rd7 38. Kf1 Bf8 39. Ke2 Bc5 40. Rd3 Rc7
41. Rg4 Kg7 1/2-1/2

[Event "10. Lichtenberger Sommer"]
[Site "Berlin"]
[Date "2011.08.21"]
[Round "9.34"]
[White "Schmidt, Juergen"]
[Black "Schleich, Theodor"]
[Result "0-1"]
[WhiteElo "2024"]
[BlackElo "2120"]
[PlyCount "84"]
[EventDate "2011.??.??"]
[WhiteTeam "SC Kreuzberg e.V."]
[BlackTeam "FC Bayern München e.V."]

1. e4 e6 2. d4 c5 3. Nf3 cxd4 4. Nxd4 Nf6 5. Nc3 Bb4 6. Bd3 Nc6 7. Nf3 d5 8.
exd5 Nxd5 9. Bd2 Nxc3 10. bxc3 Be7 11. O-O O-O 12. Rb1 Qc7 13. Rb5 f5 14. Re1
a6 15. Rb1 Bf6 16. Bc4 Re8 17. Ng5 Ne5 18. Bf4 h6 19. Qh5 Re7 20. Nh3 Qxc4 21.
Bxe5 Bxe5 22. Rxe5 Bd7 23. Qe2 Qxa2 24. Rxb7 Bb5 25. Rexb5 axb5 26. Rxe7 Qa1+
27. Qf1 Qxc3 28. Re8+ Rxe8 29. g3 b4 30. Qb5 Rd8 31. Nf4 Qe1+ 32. Kg2 Qe4+ 33.
Kh3 g5 34. Nd3 g4+ 35. Kh4 Qd4 36. Ne5 Qd6 37. f4 Qe7+ 38. Kh5 Kh7 39. Qe2 Qe8+
40. Kh4 h5 41. Kg5 Qe7+ 42. Kxh5 Kg7 0-1

[Event "10. Lichtenberger Sommer"]
[Site "Berlin"]
[Date "2011.08.21"]
[Round "9.36"]
[White "Stucki, Ramon"]
[Black "Barwich, Alfred"]
[Result "1-0"]
[WhiteElo "1964"]
[BlackElo "1959"]
[PlyCount "111"]
[EventDate "2011.??.??"]
[WhiteTeam "Thun SK"]
[BlackTeam "SV Berolina Mitte e.V."]

1. e4 d6 2. d4 Nf6 3. Nc3 c6 4. f4 g6 5. Nf3 Bg7 6. Bd3 O-O 7. O-O e6 8. Ne2 b6
9. c4 Nbd7 10. b3 c5 11. Bb2 cxd4 12. Nexd4 Nc5 13. Re1 Bb7 14. Qc2 Nxd3 15.
Qxd3 Nd7 16. Rad1 a6 17. b4 Qe7 18. g4 Rfd8 19. f5 Ne5 20. Qf1 Nxg4 21. Qg2 Ne5
22. Nxe5 Bxe5 23. fxe6 fxe6 24. Qg4 Rf8 25. Bc1 Bxd4+ 26. Rxd4 e5 27. Rdd1 Rae8
28. Bh6 Rf7 29. h4 Qe6 30. Qxe6 Rxe6 31. c5 bxc5 32. bxc5 Rd7 33. Rf1 Re8 34.
Rf6 Rf7 35. Rfxd6 Bxe4 36. c6 Bf5 37. Rd8 Rfe7 38. Bg5 Kf7 39. Bxe7 Rxe7 40.
Ra8 Rc7 41. Rxa6 Ke6 42. Rd7 Rc8 43. Rxh7 Kd5 44. c7 Ke4 45. Rb6 Ra8 46. Rb8
Rxa2 47. c8=Q Ra1+ 48. Kf2 Ra2+ 49. Ke1 Bxc8 50. Rxc8 Rh2 51. Rc6 g5 52. h5 g4
53. Rg6 Kf3 54. h6 e4 55. Rf7+ Ke3 56. Kf1 1-0

[Event "10. Lichtenberger Sommer"]
[Site "Berlin"]
[Date "2011.08.21"]
[Round "9.37"]
[White "Tscheuschner, Georg"]
[Black "Kirchhof, Arno"]
[Result "0-1"]
[WhiteElo "1837"]
[BlackElo "2048"]
[PlyCount "68"]
[EventDate "2011.??.??"]
[WhiteTeam "SG Grün-Weiß Baumschulenweg e.V."]
[BlackTeam "SC Zugzwang 95 e.V."]

1. c4 e6 2. d4 d5 3. Nc3 Nf6 4. Nf3 Be7 5. Bf4 O-O 6. e3 Nbd7 7. Bd3 dxc4 8.
Bxc4 a6 9. O-O b5 10. Bd3 c5 11. Rc1 Bb7 12. Bb1 Rc8 13. Ne5 cxd4 14. Qxd4 Bc5
15. Qd3 Nxe5 16. Bxe5 Qxd3 17. Bxd3 Rfd8 18. Rfd1 Ng4 19. Bf4 e5 20. Bf5 Nxf2
21. Bxc8 Rxc8 22. Ne4 Nxe4 23. b4 exf4 24. bxc5 fxe3 25. Rd7 Bc6 26. Re7 Nd2
27. Rxe3 Nc4 28. Re7 Kf8 29. Ra7 Bd5 30. Rd1 Rxc5 31. Rxa6 Ne3 32. Rb1 Rc2 33.
Rxb5 Rxg2+ 34. Kh1 Rf2+ 0-1

[Event "10. Lichtenberger Sommer"]
[Site "Berlin"]
[Date "2011.08.21"]
[Round "9.38"]
[White "Oppermann, Peter"]
[Black "Krajewski, Wolfgang"]
[Result "0-1"]
[WhiteElo "2000"]
[BlackElo "2095"]
[PlyCount "104"]
[EventDate "2011.??.??"]
[WhiteTeam "SK Tempelhof 1931 e.V."]
[BlackTeam "SK Zehlendorf e.V."]

1. d4 d5 2. Nf3 c5 3. e3 Nc6 4. b3 cxd4 5. exd4 Nf6 6. Bb2 Bg4 7. Be2 e6 8. O-O
Bd6 9. Ne5 Bf5 10. Nd2 Qc7 11. Bb5 O-O 12. Bxc6 bxc6 13. c4 Ne4 14. Nxe4 Bxe4
15. f3 Bf5 16. Rc1 f6 17. c5 Be7 18. Nd3 Rae8 19. Re1 Bd8 20. Qd2 Qd7 21. Nf2
Bc7 22. g4 Bg6 23. f4 Bb8 24. Re2 Qc7 25. Rce1 Qxf4 26. Qxf4 Bxf4 27. Rxe6 Kf7
28. Rxe8 Rxe8 29. Rxe8 Kxe8 30. Kg2 Kd7 31. h3 Ke6 32. Bc3 Be4+ 33. Kf1 Bb1 34.
b4 Bxa2 35. Ke2 Bc4+ 36. Kf3 Bc7 37. Bd2 g6 38. Be1 h5 39. Bd2 Bf1 40. Be1 h4
41. Bd2 Kd7 42. g5 f5 43. Bf4 Bd8 44. Ke3 Kc8 45. Nd3 Bxd3 46. Kxd3 Kb7 47. Kd2
Ka6 48. Kc3 Kb5 49. Kb3 a6 50. Bd2 Bc7 51. Kc3 Bg3 52. Kd3 Ka4 0-1

[Event "10. Lichtenberger Sommer"]
[Site "Berlin"]
[Date "2011.08.21"]
[Round "9.39"]
[White "Axmann, Steffen"]
[Black "Kutzner, Stephen"]
[Result "1/2-1/2"]
[WhiteElo "1893"]
[BlackElo "2089"]
[PlyCount "83"]
[EventDate "2011.??.??"]
[WhiteTeam "Sfr.Nord-Ost Berlin"]
[BlackTeam "SC 1950 Remagen"]

1. e4 c5 2. Nf3 d6 3. d4 cxd4 4. Nxd4 Nf6 5. Nc3 a6 6. a4 e6 7. Be2 Be7 8. O-O
O-O 9. Be3 b6 10. f4 Bb7 11. Bd3 Nbd7 12. Nb3 Qc7 13. Rc1 Nc5 14. Nxc5 bxc5 15.
b3 Rfd8 16. Bd2 Nd7 17. Qh5 Bf6 18. Ne2 c4 19. bxc4 Qc5+ 20. Qxc5 Nxc5 21. Ng3
Bd4+ 22. Kh1 Nxa4 23. Ne2 Bf6 24. Rb1 Nc5 25. Ba5 Rdc8 26. Ng3 Bd8 27. Ra1 Bxa5
28. Rxa5 Rab8 29. Kg1 Ba8 30. Kf2 Rb2 31. Ke3 Kf8 32. Ne2 Ke7 33. Nc3 Rcb8 34.
Rfa1 R8b6 35. Na4 Nxa4 36. R1xa4 Bb7 37. Kd4 R2b4 38. Ra2 Rb1 39. Ra1 R6b4 40.
c3 Rxa1 41. cxb4 Rxa5 42. bxa5 1/2-1/2

[Event "10. Lichtenberger Sommer"]
[Site "Berlin"]
[Date "2011.08.21"]
[Round "9.40"]
[White "Schreyer, Erik"]
[Black "Stiefel, Roland"]
[Result "0-1"]
[WhiteElo "1831"]
[BlackElo "2064"]
[PlyCount "68"]
[EventDate "2011.??.??"]
[WhiteTeam "Schachverein 1949 Herzogenrath"]
[BlackTeam "SSV Vimaria 91 Weimar"]

1. e4 c5 2. c3 e6 3. d4 d5 4. exd5 exd5 5. Nf3 Bd6 6. Bb5+ Nc6 7. O-O Nge7 8.
dxc5 Bxc5 9. Qb3 O-O 10. Bg5 Be6 11. Bd3 h6 12. Bf4 Bd6 13. Bxd6 Qxd6 14. Nbd2
d4 15. c4 Rab8 16. Qc2 Qf4 17. a3 Rbc8 18. Rfe1 Rfd8 19. b4 a6 20. Nb3 b5 21.
c5 Qf6 22. Nbd2 Nd5 23. Ne4 Qf4 24. Qb2 Bg4 25. Nd6 Bxf3 26. gxf3 Rc7 27. Be4
Nc3 28. Qc1 Qf6 29. Bxc6 Rxc6 30. Kg2 Nd5 31. Qd2 Nf4+ 32. Kh1 Ne6 33. Qd3 Ng5
34. Qf5 Rcxd6 0-1